000 01040nas a2200313 4500
001 BR2015001490
003 BR-BrBNA
005 20231205125117.0
007 ta
008 230509b bl.|||p| |||| 00| 00por d
040 _aBR-BrBNA
_bpor
_cBiblioteca Nacional de Agricultura
041 _a(Pt)
072 _aQ70
100 1 _aPinto, P.H.M.
100 1 _aCamili, E.A.
100 1 _aCabello, C.
245 1 _aAvaliação da redução de matéria orgânica do tratamento do efluente líquido de extração de fécula de mandioca por processo de biodigestão anaeróbia
650 _aFECULA
650 _aAMIDO
650 _aALIMENTO VEGETAL
650 _aRESIDUO ORGANICO
650 _aTRATAMENTO
650 _aMANIPUEIRA
650 _aDIGESTAO ANAEROBIA
773 0 _tRevista Raízes e Amidos Tropicais (Brazil)
_xISSN 1808-981X
_g(2010), v. 6(1) p. 280-285
_wBR2015001490
856 4 0 _uhttp://energia.fca.unesp.br/index.php/rat/article/view/1145/478
909 _a202311
_bLúcia
_c55
_dLúcia Elande
942 _2AGRIS
_n0
_cANA
999 _c242691
_d242691